| 000 | 00450nam a2200133Ia 4500 | ||
|---|---|---|---|
| 008 | 231129s2007||||xx |||||||||||||| ||spa|| | ||
| 020 | _a978-958-98142-0-8 | ||
| 040 | _bspa | ||
| 082 | _a364.1323 C825 | ||
| 245 | 0 | _aCorrupción cerebro y sentimientos: Una indagación neuropsicológica en torno a la corrupción / Eduardo Salcedo-Albarán... /et al. | |
| 260 | _c2007 | ||
| 264 | _aGrupo Método | ||
| 942 |
_2ddc _cBKS |
||
| 999 |
_c8150 _d8150 |
||